01158 2200385 4500001002100000005001500021035002000036007000300056040001700059100003000076245011100106250001000217300003600227504003000263020001800293041000800311082001100319084001700330090002200347264004200369336002100411337003000432338002300462500002900485650001500514700003500529700005000564850001000614008004100624990002000665990002300685990002100708990002300729990002000752INLIS00000000000619220260418043622 a0010-0322000436ta aSBPUPADbind0 aSulaikin LubisePengarang1 aHukum Acara Perdata Peradilan Agama Di Indonesia /cSulaikin Lubis,Wismar Ain Marzuki; editor, Gemala Dewi acet.2 aviii,207 hlm. :bilus. ;c23 cm aBibliografi, hlm 203-206 a979-3925-04-30 aind a347.05 a347.05 SUL h a347.05 SUL h 11-9 ajakarta :bPrenada Media Group,c2006 2rdacontentaTeks 2rdamediaaTanpa Perantara 2rdacarrieravolume aprofil penulis: hlm, 207 4aIlmu Hukum0 aeditor, Gemala DewiePengarang0 apengarang ke-2, Wismar Ain MarzukiePengarang aPUPAD260418 0  a0863/Br/ARPUS06 a5859/ARPUS-PDG2008 a5860/ARPUS-PDG08 a5858/ARPUS-PDG2008 a0863/Br/ARPUS06